00507nam a2200169 a 450000100060000000300090000600800410001502000150005604000280007108200160009910000280011524500670014326000300021030000170024049000330025765000470029015263CO-ViMGA141112s2004 ck r 000 u spa d a9586903850 aCO-ViMGAbspacCO-ViMGA04a345.05 C65c1 aArboleda Vallejo, Mario10aCódigo Penitenciario y Carcelario / cMario Arboleda Vallejo aBogotá, cLeyer, c2002 a470.p. 22 cm aColección códigos Brevis14aPROCEDIMIENTO PENAL - PRISIONES - COLOMBIA